[Event "DEN-ch Kort1 B"]
[Site "Skorping"]
[Date "2017.04.08"]
[Round "1"]
[White "Mikkelsen, Hans Jorgen"]
[Black "Christensen, John Christoffer H"]
[Result "1/2-1/2"]
[WhiteElo "1552"]
[BlackElo "1408"]
[PlyCount "111"]
[EventDate "2017.04.08"]
[EventType "swiss"]
[EventRounds "5"]
[EventCountry "DEN"]
[SourceTitle "EXT 2023"]
[Source "ChessBase"]
[SourceDate "2022.10.05"]
[SourceVersion "1"]
[SourceVersionDate "2022.10.05"]
[SourceQuality "1"]

1. e4 c6 2. d4 d5 3. e5 Bf5 4. f4 h5 5. Nf3 e6 6. Bd3 Bxd3 7. Qxd3 c5 8. Be3 c4 9. Qe2 Be7 10. c3 Nc6 11. Nbd2 Qb6 12. Rb1 Nh6 13. h3 Nf5 14. Bf2 a5 15. 0-0 a4 16. a3 Na5 17. Qd1 Nc6 18. Kh2 Nb8 19. Rg1 Nd7 20. Qe1 Nf8 21. Nh4 Bxh4 22. Bxh4 Ng6 23. Bg5 Kd7 24. Nf3 Raf8 25. Nh4 Nfxh4 26. Bxh4 Nxf4 27. Qd1 Qc6 28. Rf1 Ng6 29. Bf2 b5 30. Be3 Qc7 31. Kh1 Ne7 32. Qd2 Nf5 33. Bf4 g5 34. Bh2 g4 35. Qf4 Rfg8 36. Rbe1 Ke8 37. Re2 gxh3 38. gxh3 h4 39. Rg2 Rxg2 40. Kxg2 Rg8+ 41. Kh1 Qe7 42. Rg1 Rxg1+ 43. Kxg1 Qf8 44. Kf2 Qg7 45. Kf3 Kf8 46. Qg4 Qxg4+ 47. hxg4 Nh6 48. Bf4 Kg7 49. Bg5 Kg6 50. Bxh4 Kh7 51. Kf4 Kg6 52. Kf3 Kh7 53. Kf4 Kg6 54. Bf2 Ng8 55. Bh4 Nh6 56. Bf2 1/2-1/2